00264nam a2200109Ia 4500008004100000100001900041245003700060250001200097260002800109300000900137650000800146191201s2008 xx 000 0 und d aElmasri, Ramez 0aFundamantals of Database Systems a1st imp c2008bpearsonaN. delhi a1145 aMCA